Word Ladder: 21+ Quiz Stats

Quiz Updated Jul 31, 2016

Challenge
Share
Tweet
Embed
Score 0/72 Timer 08:00
6 Plays Today
Clue Word % Correct
Fruit wedge for your CoronaLIME
98.4%
Silent performerMIME
96.9%
1760 yardsMILE
96.6%
Having XY chromosomesMALE
96%
Great ____ of ChinaWALL
95.8%
Without hairBALD
95.6%
'I'll be ___' (Schwarzenegger)BACK
95.5%
Gone With the ____WIND
95.1%
Marriage jewelryRING
94.7%
Part of a bird or planeWING
94.6%
Merlot or Pinot Noir, e.g.WINE
94.5%
Actor: Ferrell or ArnettWILL
94.4%
The Da Vinci ____CODE
94.3%
Not too spicyMILD
94%
Formal partyBALL
93.7%
Edible ice cream containerCONE
93.7%
___-a-doodledoo!COCK
93.1%
Nat King ____COLE
92.8%
____ E. CoyoteWILE
92.6%
Wild pigBOAR
92.6%
Living room couchSOFA
92.3%
Savage, crazy, or untamedWILD
92.3%
Went on a bikeRODE
92.2%
Fish's 'lung'GILL
92%
Not hardSOFT
91.9%
____ to richesRAGS
91.8%
Kodiak or polar, e.g.BEAR
91.5%
Birthday dessertCAKE
91.4%
Johann Sebastian ___BACH
91.4%
Step on a ladderRUNG
91.2%
The window ledgeSILL
91%
Honeycomb creatorsBEES
90.7%
Fly forth, like an eagleSOAR
90.6%
Type of liquorMALT
90.4%
Unwanted bread growthMOLD
90.4%
Lady of 'Poker Face'GAGA
90.3%
Clue Word % Correct
A bar for washingSOAP
90.2%
Tina Fey's '30 ___'ROCK
90%
Chowder or bisque, e.g.SOUP
89.7%
Paper sacksBAGS
89.6%
____ Against the MachineRAGE
89.4%
DonatedGAVE
88.8%
Holder for animalsCAGE
88.6%
Light pink wineROSÉ
88.3%
Boilermaker ingredientBEER
88.2%
Theater, in spanishCINE
87.8%
Dance partyRAVE
87.7%
White Russian ingredient MILK
87.5%
A savory herbSAGE
87.5%
A long storySAGA
87.3%
Implores, asks earnestly BEGS
87.2%
Unit of 30 beersRACK
87%
'Brave' font propertyBOLD
86.8%
Large staff on a shipMAST
86.7%
Protruded-lip expression :(POUT
86.5%
Mixer Club ___SODA
86.2%
Ritzy partyGALA
86.1%
____ Road (trade route)SILK
86.1%
Japanese rice wineSAKE
86.1%
Hawkeye's sitcomM*A*S*H
86%
A strong windGALE
85.9%
Serve a drinkPOUR
85.9%
Party blowoutBASH
85.6%
Give a Reddit giftGILD
84.7%
Lemon & syrup; ____ mixSOUR
84.5%
Final part (musical term)CODA
84.2%
Setting of TV show 'New Girl'LOFT
81.8%
Ancient norse letterRUNE
79.4%
Devious ployRUSE
79.3%
An oafish person LOUT
77.2%
Drink mixer: [Prev. Rung] ___ COLA
76%
Drink mixer: ___ [Next Rung]COCA
74.5%

Today's Daily Dose

Word Ladder
Summertime

On This Day
June 23rd II

You're not logged in!

Compare scores with friends on all Sporcle quizzes.
Join for Free
OR
Log In

You Might Also Like...

Show Comments

Extras

Top Quizzes Today


Score Distribution

Your Account Isn't Verified!

In order to create a playlist on Sporcle, you need to verify the email address you used during registration. Go to your Sporcle Settings to finish the process.

Report this User

Report this user for behavior that violates our Community Guidelines.

Details: